000 01182nam0a22003011 4500
001 rc\3138370
005 20120615100726.3
021 _aRU
_b[75-98435]
035 _a(NLR Aleph) 007317489
090 _a5874490
_c5874490
100 _a20120615d1975 |||y0rusy50 ca
101 0 _arus
102 _aRU
105 _aa z |||||
200 1 _aТеоретическая и прикладная плазмохимия
_f[Л.С. Полак, А.А. Овсянников, Д.И. Словецкий, Ф.Б. Вурзель]
_g[Отв. ред.: д. ф.-м. н. Л.С. Полак]
_gАН СССР, Ин-т нефтехим. синтеза им. А.В. Топчиева
210 _aМосква
_cНаука
_d1975
215 _a304 с.
_cчерт.
_d27
320 _aСписок лит.: с. 283-302
606 _aХимические реакции в плазме
_2psbo
701 1 _aВурзель
_bФ. Б.
701 1 _aОвсянников
_bА. А.
701 1 _aПолак
_bЛ. С.
_gЛев Соломонович
_4340
701 1 _aСловецкий
_bД. И.
801 0 _aRU
_bNLR
_gpsbo
801 1 _aRU
_bELAR
_2rusmarc
852 _aNLR
_j76-7/241
942 _cBOOK
980 _aNB